01109 2200337 4500001002100000005001500021035002000036007000300056008004100059020002200100082001400122084001600136100002900152245017400181250003500355300005600390500001100446650001100457700003500468700002900503504003300532264003200565336002100597337003000618338002300648040002200671850001200693999002200705090002200727990002200749INLIS00000000089592920250507124200 a0010-0525000175ta250507s2025 yoia g ind d a978-634-01-0108-904223a633.8 a633.8 ELO f0 aElok ZubaidahePengarang10aFermentasi kunyit (curcuma longa L) :binovasi bioteknologi untuk pencegahan dan penanggulangan penyakit degeneratif /cElok Zubaidah, Eirene Charista Dea, Nur Kusmiyati aCetakan pertama, Februari 2025 axii, 106 halaman :btabel, gambar berwarna ;c23 cm aindeks 4aKunyit0 aEirene Charista DeaePengarang0 aNur KusmiyatiePengarang aBibliografi : halaman 94-10031aSleman :bDeepublish,c2025 2rdacontentateks 2rdamediaatanpa perantara 2rdacarrieravolume aYOPDYOGbinderda aYOPDYOG aCB-D.11/2025-0631 aCB-D.11 2025-0631 aCB-D.11/2025-0631